Mai Có Ra Sao Cũng Chẳng Sao
Gardado en:
| Autor Principal: | |
|---|---|
| Formato: | Libro |
| Idioma: | Vietnamese |
| Publicado: |
B.SVVN-HHT
2014
|
| Các nhãn: |
Engadir etiqueta
Sen Etiquetas, Sexa o primeiro en etiquetar este rexistro!
|
| Thư viện lưu trữ: | Mạng thư viện Đại học Đà Nẵng |
|---|
| LEADER | 00612nam a2200277 4500 | ||
|---|---|---|---|
| 001 | 000026201 | ||
| 003 | 198 | ||
| 005 | 20150204120000.0 | ||
| 008 | 150204s vm 000 vie | ||
| 020 | |c 25000,0000 | ||
| 040 | |a D1 | ||
| 100 | |a Nhiều TG | ||
| 245 | |a Mai Có Ra Sao Cũng Chẳng Sao | ||
| 260 | |b B.SVVN-HHT |c 2014 | ||
| 300 | |a 194tr. ; | ||
| OWN | |a LTT | ||
| 999 | |a From the UDN01 | ||
| TYP | |a Monograph | ||
| TYP | |a Printed language | ||
| 980 | |a Mạng thư viện Đại học Đà Nẵng | ||